Obálka Náhled e-knihy:
PDF
Pro půjčování e-knih musíte být přihlášeni.
Jak si půjčit online?

Fantastické tvory /

Príručka, ktorá uspokojí všetku zvedavosť tých, ktorých priťahuje svet fantázie. Podrobne ilustrovaný denník plný zaujímavostí a tajomstiev o viac ako štyridsiatich rôznych (viac či menej známych alebo úplne neznámych) bytostiach.

Uloženo v:
Hlavní autor: Barsotti, Eleonora (Autor)
Médium: E-kniha
Jazyk:Czech
Vydáno: Praha : Albatros Media Slovakia s.r.o., 2025
Tagy:
Žádné tagy
LEADER 01194nam a22002297i 4500
001 302733
007 ta
008 260514s2025 xr ||||| |||| 00| 0 cze d
020 |a 9788056649978 
044 |a xr 
100 1 |a  Barsotti, Eleonora  |4 aut 
245 1 0 |a Fantastické tvory /  |c  Barsotti, Eleonora 
240 1 0 |a Fantastical Creatures 
264 1 |a Praha :  |b Albatros Media Slovakia s.r.o.,  |c 2025 
300 |a 1 online zdroj (96 stran) 
336 |a text  |b txt  |2 rdacontent 
337 |a bez média  |b n  |2 rdamedia 
338 |a online zdroj  |b cr  |2 rdacarrier 
520 2 |a Príručka, ktorá uspokojí všetku zvedavosť tých, ktorých priťahuje svet fantázie. Podrobne ilustrovaný denník plný zaujímavostí a tajomstiev o viac ako štyridsiatich rôznych (viac či menej známych alebo úplne neznámych) bytostiach. 
910 |a RBIT002 
998 |d 426991  |a https://core.palmknihy.cz/api/books/426991/cover?tesgig  |b https://core.palmknihy.cz/api/books/426991/cover/400?tesgig  |c https://core.palmknihy.cz/api/books/426991/cover/50?tesgig  |e 2030-08-21  |g 96  |i 9788056649978  |k https://core.palmknihy.cz/api/books/426991/preview.pdf  |l   |q 49  |r 1  |s https://www.palmknihy.cz/kniha/426991  |t ebook  |y 2025  |z 1 
999 |d 302731